Estadísticas para Estados de Brasil

Haz click aquí para tomar la prueba!

Estadísticas generales

  • Esta prueba ha sido tomada 1.156 veces
  • La puntuación promedio es 16 de 27

Respuestas en el mapa

Las respuestas están codificadas por una escala verde-roja en el mapa de la prueba según el % correcto abajo.
Cargando...
 

Estadísticas de respuestas

Estado% Correcto
Río de Janeiro
97%
São Paulo
91%
Amazonas
86%
Pará
68%
Mato Grosso
67%
Minas Gerais
67%
Bahía
66%
Río Grande do Sul
65%
Río Grande do Norte
63%
Paraná
61%
Pernambuco
60%
Santa Catarina
58%
Distrito Federal
57%
Acre
55%
Goiás
55%
Mato Grosso do Sul
53%
Ceará
51%
Rondônia
50%
Espírito Santo
49%
Roraima
49%
Amapá
45%
Alagoas
44%
Sergipe
44%
Piauí
43%
Tocantins
43%
Paraíba
42%
Maranhão
42%

Distribución de puntuación

Porcentaje por número respondido

Porcentaje de gente con cada puntuación

Historial de tus puntuaciones

No has tomado esta prueba